Business process reengineering (Record no. 396987)

MARC details
000 -LEADER
fixed length control field 00506 a2200205 4500
005 - DATE & TIME
control field 20260408163835.0
008 - FIXED-LENGTH DATA ELEMENTS--GENERAL INFORMATION
fixed length control field 260408b |||||||| |||| 00| 0 eng d
020 ## - ISBN
International Standard Book Number 9789353167844
Price Rs. 900.00
040 ## - CATALOGING SOURCE
Original cataloging agency VIVEKANANDA LIBRARY
082 ## - DDC NUMBER
Classification number 658.406
Book Number S34B(2)
100 ## - MAIN ENTRY--PERSONAL NAME
Personal name Srinivasan, R
245 ## - TITLE STATEMENT
Title Business process reengineering
250 ## - EDITION STATEMENT
Edition statement 2nd
260 ## - PUBLICATION, DISTRIBUTION, ETC. (IMPRINT)
Name of publisher, distributor, etc McGraw-Hill
Date of publication, distribution, etc 2020
Place of publication, distribution, etc Chennai
300 ## - PHYSICAL DESCRIPTION
Pages xiv, 206
650 ## - Subject
Subject Management
650 ## - Subject
Subject Business Process
650 ## - Subject
Subject Production
942 ## - ADDED ENTRY ELEMENTS (KOHA)
Koha item type Books
Holdings
Withdrawn status Lost status Source of classification or shelving scheme Damaged status Not for loan Location (home branch) Sublocation or collection (holding branch) Shelving location Date acquired Koha issues (times borrowed) Koha full call number Accession No. Koha date last seen Koha item type
    Dewey Decimal Classification     VIVEKANANDA LIBRARY VIVEKANANDA LIBRARY IMSAR Library 30/03/2026   658.406 S34B(2) 421018 30/03/2026 Books
© Designed and Maintained by Vivekananda Library, MDU Rohtak